000 00486nam a2200145Ia 4500
008 100122s9999 xx 000 0 und d
082 _b20924
_a823
100 _aकवठेकर दत्त रघुनाथ
245 _aस्वप्न वेग सरे
260 _bपंडित अनंत कुलकर्णी
_c1974
300 _a162
630 _aस्वप्न वेग सरे
730 _aस्वप्न वेग सरे
942 _cBOOK
999 _c409223
_d409220